| 000 | 01242nam0a22002651 4500 | ||
|---|---|---|---|
| 001 | rc\2781480 | ||
| 005 | 20250806210303.0 | ||
| 035 | _a(NLR Aleph) 006907712 | ||
| 090 |
_a22109 _c22109 |
||
| 100 | _a20110915d1945 u y0rusy50 ca | ||
| 101 | 0 | _arus | |
| 102 | _aRU | ||
| 105 | _ay j ||||| | ||
| 200 | 1 |
_aПроисхождение жизни на земле _eСтеногр. лекции, прочит. чл.-корр. Акад. наук СССР проф. А. И. Опариным в лектории по естеств.-науч. вопросам при Раменск. горкоме ВЛКСМ _fОтдел пропаганды и агитации Центр. ком-та ВЛКСМ |
|
| 210 |
_a[Москва] _cизд. и фабрика юнош. книги изд-ва "Мол. гвардия" _d1945 |
||
| 215 |
_a18 с., без обл. _d20 см. |
||
| 333 | _aНа правах рукописи | ||
| 700 | 1 |
_aОпарин _bА. И. _f1894-1980 _gАлександр Иванович _3RU\NLR\AUTH\770278565 |
|
| 801 | 0 |
_aRU _bNLR _gpsbo |
|
| 801 | 1 |
_aRU _bELAR _2rusmarc |
|
| 852 |
_aNLR _jБл02 Г-4/37 |
||
| 942 | _cBOOK | ||
| 945 | _aРоссийская национальная библиотека | ||
| 980 | _aNB | ||
| 980 | _aBV | ||